[Event "Carnaval"]
[Site "Quebec CAN"]
[Date "2017.02.19"]
[Round "5"]
[White "Lesiege, Alexandre"]
[Black "Horton, Joe"]
[Result "1-0"]
[WhiteElo "2585"]
[BlackElo "2356"]
[PlyCount "62"]
[EventDate "2017.02.17"]
[EventType "swiss"]
[EventRounds "5"]
[EventCountry "CAN"]
[TimeControl "900+2"]

1. d4 g6 2. c4 Bg7 3. Nf3 d6 4. g3 c5 5. Bg2 Nc6 6. d5 Nd4 7. Nxd4 Bxd4 8. O-O
Bg7 9. Nc3 Nf6 10. Bf4 O-O 11. e4 Nd7 12. Qe2 Rb8 13. a4 Ra8 14. h3 Qa5 15. Bd2
Qd8 16. f4 e6 17. dxe6 fxe6 18. Be3 Bd4 19. Nb5 Bxe3+ 20. Qxe3 Nb6 21. b3 a6
22. Nc3 Bd7 23. Rad1 Qe7 24. Qd2 Qg7 25. e5 dxe5 26. a5 exf4 27. axb6 fxg3 28.
Rxf8+ Rxf8 29. Qxd7 Qxc3 30. Qxe6+ Kh8 31. Qe7 Qf6 1-0

[Event "Montreal CC ch"]
[Site "Montreal CAN"]
[Date "2004.01.24"]
[Round "2"]
[White "Lesiege, Alexandre"]
[Black "Basque, Roland"]
[Result "1-0"]
[WhiteElo "2566"]
[BlackElo "2148"]
[PlyCount "47"]
[EventDate "2004.01.23"]
[EventType "swiss"]
[EventRounds "5"]
[EventCountry "CAN"]

1. d4 Nf6 2. c4 g6 3. Nc3 d5 4. cxd5 Nxd5 5. e4 Nxc3 6. bxc3 Bg7 7. Nf3 c5 8.
Rb1 Nc6 9. d5 Ne5 10. Nxe5 Bxe5 11. Qd2 O-O 12. f4 Bc7 13. Bc4 e6 14. O-O b6
15. e5 exd5 16. Bxd5 Bf5 17. Rb3 Be6 18. c4 Qe7 19. Bb2 Rad8 20. f5 gxf5 21.
Qh6 f4 22. Rxf4 Kh8 23. Rg3 f6 24. exf6 1-0

[Event "Montreal int."]
[Site "Montreal CAN"]
[Date "2003.08.02"]
[Round "10"]
[White "Vera, Reynaldo"]
[Black "Lesiege, Alexandre"]
[Result "1-0"]
[WhiteElo "2509"]
[BlackElo "2535"]
[PlyCount "55"]
[EventDate "2003.07.23"]
[EventType "tourn"]
[EventRounds "9"]
[EventCountry "CAN"]
[EventCategory "11"]
[Source "Mark Crowther"]
[SourceDate "2003.08.04"]

1. d4 d5 2. c4 dxc4 3. e3 Nf6 4. Bxc4 e6 5. Nf3 c5 6. Qe2 a6 7. dxc5 Bxc5 8.
O-O Nc6 9. e4 b5 10. Bb3 Nd4 11. Nxd4 Qxd4 12. Be3 Qe5 13. Bxc5 Qxc5 14. Nd2
Bb7 15. e5 Nd7 16. Rfe1 Rd8 17. Nf1 O-O 18. Rac1 Qb6 19. Rc3 Rc8 20. Rg3 Rc5
21. Qd2 Qc6 22. Qh6 g6 23. f4 Nb6 24. h4 Rc1 25. f5 Rc8 26. fxg6 hxg6 27. Rxc1
Qxc1 28. Rxg6+ 1-0

[Event "Futurity III"]
[Site "Montreal CAN"]
[Date "2003.04.24"]
[Round "8"]
[White "Lesiege, Alexandre"]
[Black "Rousseau, Daniel"]
[Result "1-0"]
[WhiteElo "2592"]
[BlackElo "2065"]
[PlyCount "59"]
[EventDate "2003.04.16"]
[EventType "tourn"]
[EventRounds "9"]
[EventCountry "CAN"]

1. d4 Nf6 2. c4 g6 3. Nc3 Bg7 4. e4 d6 5. Nf3 O-O 6. Be2 e5 7. O-O Nc6 8. d5
Ne7 9. b4 Nh5 10. Re1 Nf4 11. Bf1 a5 12. bxa5 Rxa5 13. a4 c5 14. Nb5 h6 15. Ra3
g5 16. g3 Neg6 17. gxf4 exf4 18. h3 h5 19. Nh2 g4 20. hxg4 hxg4 21. Nxg4 Qg5
22. Rg3 Rxb5 23. axb5 Bd4 24. Rg2 Kg7 25. Nh2 Qh6 26. Nf3 Bf6 27. Rh2 Bh4 28.
Bh3 Bxh3 29. Rxh3 Rh8 30. Kh1 1-0

[Event "Olympiad"]
[Site "Istanbul TUR"]
[Date "2000.11.07"]
[Round "10"]
[White "Lesiege, Alexandre"]
[Black "Fernandes, Antonio"]
[Result "1/2-1/2"]
[WhiteElo "2584"]
[BlackElo "2438"]
[PlyCount "122"]
[EventDate "2000.10.28"]
[EventType "team"]
[EventRounds "14"]
[EventCountry "TUR"]
[Source "Mark Crowther"]
[SourceDate "2000.11.13"]

1. d4 Nf6 2. c4 g6 3. Nc3 d5 4. cxd5 Nxd5 5. e4 Nxc3 6. bxc3 c5 7. Nf3 Bg7 8.
Rb1 O-O 9. Be2 Nc6 10. d5 Bxc3+ 11. Bd2 Bxd2+ 12. Qxd2 Nd4 13. Nxd4 cxd4 14.
Qxd4 Qa5+ 15. Qd2 Qxd2+ 16. Kxd2 Rd8 17. Ke3 Kf8 18. Rhc1 Ke8 19. Kd4 b6 20.
Rc7 Bd7 21. Ba6 Bc8 22. Bb5+ Bd7 23. Kc4 f5 24. f3 Bxb5+ 25. Kxb5 Rd7 26. Rbc1
fxe4 27. fxe4 Kd8 28. R7c6 Rb7 29. Ka6 Rab8 30. Rf1 Ke8 31. a4 b5 32. Rc8+ Rxc8
33. Kxb7 Rc5 34. a5 b4 35. a6 Kd7 36. Kxa7 Rb5 37. e5 b3 38. Rb1 b2 39. Ka8 g5
40. g4 Rb3 41. Ka7 Kc7 42. Ka8 Rb8+ 43. Ka7 Kc8 44. d6 exd6 45. exd6 Rb5 46.
Ka8 Kd7 47. a7 Rb4 48. h4 gxh4 49. g5 h3 50. g6 h2 51. gxh7 Rh4 52. Rh1 Rxh7
53. Kb8 b1=Q+ 54. Rxb1 Rh8+ 55. Kb7 h1=B+ 56. Rxh1 Rxh1 57. a8=Q Rb1+ 58. Ka7
Ra1+ 59. Kb8 Ra5 60. Qa7+ Kxd6 61. Ka8 Ke5 1/2-1/2

[Event "Capablanca Mem Elite"]
[Site "Varadero CUB"]
[Date "2000.05.10"]
[Round "4"]
[White "Stefansson, Hannes"]
[Black "Lesiege, Alexandre"]
[Result "1/2-1/2"]
[WhiteElo "2566"]
[BlackElo "2582"]
[PlyCount "62"]
[EventDate "2000.05.07"]
[EventType "tourn"]
[EventRounds "13"]
[EventCountry "CUB"]
[Source "Mark Crowther"]
[SourceDate "2000.05.30"]

1. d4 d5 2. c4 dxc4 3. Nf3 Nf6 4. e3 e6 5. Bxc4 c5 6. O-O a6 7. Bb3 cxd4 8.
exd4 Nc6 9. Nc3 Be7 10. a3 O-O 11. Re1 b5 12. d5 exd5 13. Nxd5 Nxd5 14. Bxd5
Bb7 15. Bf4 Bf6 16. Rc1 Na5 17. Bxb7 Nxb7 18. b4 Bb2 19. Rc7 Qxd1 20. Rxd1 Nd8
21. Rc2 Bf6 22. Be5 Ne6 23. h4 Rfd8 24. Rxd8+ Bxd8 25. Rd2 f6 26. Bg3 Ra7 27.
h5 Kf7 28. Kf1 Be7 29. Ne1 a5 30. Rd5 axb4 31. axb4 Bxb4 1/2-1/2

[Event "Panam.Maxima"]
[Site "San Felipe VEN"]
[Date "1998.??.??"]
[Round "?"]
[White "Lesiege, Alexandre"]
[Black "Ginzburg, Maximiliano"]
[Result "1-0"]
[WhiteElo "2550"]
[BlackElo "2490"]
[PlyCount "85"]
[EventDate "1998.10.25"]
[EventType "tourn"]
[EventRounds "9"]
[EventCountry "VEN"]
[EventCategory "9"]

1. c4 e5 2. Nc3 Nc6 3. g3 g6 4. Bg2 Bg7 5. d3 d6 6. Rb1 a5 7. a3 f5 8. e3 Nf6
9. Nge2 O-O 10. O-O Ne7 11. b4 axb4 12. axb4 c6 13. b5 Be6 14. Qb3 Bf7 15. Rd1
d5 16. Ba3 Re8 17. Ra1 Rc8 18. Rac1 g5 19. Rc2 Ng6 20. cxd5 cxd5 21. d4 e4 22.
Bh3 f4 23. Bxc8 Qxc8 24. Nxe4 dxe4 25. Rxc8 Bxb3 26. Rxe8+ Nxe8 27. Rc1 fxe3
28. fxe3 Bf8 29. Rc8 Bxa3 30. Rxe8+ Kf7 31. Rb8 Ke6 32. Rxb7 Ne7 33. Nc3 Bc1
34. Kf2 Nf5 35. Nxe4 Bxe3+ 36. Ke1 Kd5 37. Nc5 Bc2 38. Rd7+ Kc4 39. b6 Bxd4 40.
b7 Be5 41. Ne6 Be4 42. Nxg5 Bd5 43. Rxh7 1-0

[Event "Panam.Maxima"]
[Site "San Felipe VEN"]
[Date "1998.??.??"]
[Round "6"]
[White "Lesiege, Alexandre"]
[Black "Leitao, Rafael"]
[Result "1/2-1/2"]
[WhiteElo "2535"]
[BlackElo "2547"]
[PlyCount "82"]
[EventDate "1998.10.25"]
[EventType "tourn"]
[EventRounds "9"]
[EventCountry "VEN"]
[EventCategory "9"]

1. d4 Nf6 2. c4 e6 3. Nc3 Bb4 4. g3 c5 5. Nf3 b6 6. Bg2 Bb7 7. O-O cxd4 8. Qxd4
Nc6 9. Qd3 O-O 10. b3 d5 11. cxd5 Ne7 12. Bb2 Bxc3 13. Bxc3 Nexd5 14. Bb2 h6
15. Ne5 Qe7 16. Qd4 Rfd8 17. Qh4 Rac8 18. Rac1 Qf8 19. Nc4 b5 20. Bxf6 gxf6 21.
Bxd5 Rxd5 22. Ne3 Rdc5 23. Rxc5 Qxc5 24. Qxf6 Qg5 25. Qd4 Qc5 26. Qxc5 Rxc5 27.
Rd1 Rc3 28. Kf1 a5 29. Ke1 a4 30. bxa4 bxa4 31. Rb1 Bd5 32. Nxd5 exd5 33. Rd1
Rc2 34. a3 Ra2 35. Rxd5 Rxa3 36. Ra5 Ra2 37. f4 a3 38. Kf2 Ra1 39. h4 Kg7 40.
Kf3 f5 41. h5 a2 1/2-1/2